| 000 | 00334nam a2200133Ia 4500 | ||
|---|---|---|---|
| 008 | 190216s9999||||xx |||||||||||||| ||und|| | ||
| 100 | _aKeith J. Laidler | ||
| 245 | 0 | _aChemical Kinetics | |
| 250 | _a2nd Ed. | ||
| 260 |
_bTata Mcgraw Hill Publishing Company Ltd _c1973 |
||
| 300 | _a566 | ||
| 650 | _aChemistry-Chemistry | ||
| 942 | _cBK | ||
| 999 |
_c2229 _d2229 |
||